The Master's men. (Record no. 5102)

000 -LEADER
fixed length control field 00640nam a2200193 a 4500
001 - CONTROL NUMBER
control field :::00002843$&:&@@
003 - CONTROL NUMBER IDENTIFIER
control field OkBaRHE
005 - DATE AND TIME OF LATEST TRANSACTION
control field 20000607103257.0
008 - FIXED-LENGTH DATA ELEMENTS--GENERAL INFORMATION
fixed length control field s1959 j 000 0 eng u
040 ## - CATALOGING SOURCE
Transcribing agency
100 1# - MAIN ENTRY--PERSONAL NAME
Personal name Barclay, William, 1907-1978.
245 14 - TITLE STATEMENT
Title The Master's men.
260 ## - PUBLICATION, DISTRIBUTION, ETC. (IMPRINT)
Place of publication, distribution, etc Nashville, TN., :
Name of publisher, distributor, etc Abingdon Press
Date of publication, distribution, etc c1959
300 ## - PHYSICAL DESCRIPTION
Extent 127 p. ;
Dimensions 20 cm.
650 ## - SUBJECT ADDED ENTRY--TOPICAL TERM
Topical term or geographic name as entry element Apostles
General subdivision Biography
-- Addresses, Essays, Lectures
650 ## - SUBJECT ADDED ENTRY--TOPICAL TERM
Topical term or geographic name as entry element Bible New Testament
General subdivision Biography
-- Addresses, Essays, Lectures
942 ## - ADDED ENTRY ELEMENTS (KOHA)
Source of classification or shelving scheme
Koha item type Books
Copies
Copy number Date acquired Shelving location Koha item type Not for loan Source of classification or shelving scheme Full call number Lost status Barcode Withdrawn status Date last seen Damaged status Price effective from Permanent Location
12010-04-14General StacksBooks  BS 2440 .B33 2843 2018-03-16 2010-04-14RHEMA Bible Training College